000 00802nam a2200253 i 4500
001 53563
003 ES-MaACL
005 20250815044417.0
007 t|
008 031103s2002 sp ||||0| spa j
020 _a84-7738-994-2
040 _aM-BN
_bspa
_cM-BN
080 _a821.133.1 Hugo, Victor 1.07
080 _a929 Hugo, Victor
100 1 _aVerjat, Alain.
_9114139
245 1 0 _aVictor Hugo /
_cAlain Verjat.
260 _aMadrid :
_bSíntesis,
_c[2002]
300 _a204 p ;
_c22 cm.
490 1 _aHistoria de la literatura universal. Literatura francesa y francófona . Autores ;
_v61
600 1 4 _aHugo, Victor,
_d1802-1885
_964627
830 0 0 _aHistoria de la literatura universal
_v61
_9189211
852 _aES-MaACL
_jL-26574
_bR.131988
999 _c53563
_d53563